|
|
|
|
| LEADER |
00956nab a2200217 i 4500 |
| 001 |
misc28049 |
| 005 |
20191111110243.0 |
| 008 |
170930s1990 hu o 0|| zxx d |
| 040 |
|
|
|a SZTE Miscellanea Repozitórium
|b hun
|
| 041 |
|
|
|a zxx
|
| 100 |
1 |
|
|a Bernáth Gábor
|
| 245 |
1 |
0 |
|a Ring-closure reactions of isoquinoline carbohydrazides with oxo compounds
|h [elektronikus dokumentum] /
|c Bernáth Gábor
|
| 260 |
|
|
|c 1990
|
| 300 |
|
|
|a 187, [1]
|
| 490 |
0 |
|
|a Kolligátum
|
| 695 |
|
|
|a Heterociklusos vegyületek - szintézis - előadáskivonat, Szerves kémia - reakciómechanizmus - előadáskivonat, Sztereokémia - előadáskivonat, Mágneses magrezonancia - színképelemzés - előadáskivonat
|
| 700 |
0 |
1 |
|a Semega Éva
|e aut
|
| 700 |
0 |
1 |
|a Fülöp Ferenc
|e aut
|
| 700 |
0 |
1 |
|a Sohár Pál
|e aut
|
| 710 |
|
|
|a European Colloquium on Heterocyclic Chemistry (14.) (1990) (Toledo)
|
| 856 |
4 |
0 |
|u http://misc.bibl.u-szeged.hu/28049/1/018_019_646-647.pdf
|z Dokumentum-elérés
|